Neuroanatomy through clinical cases / (Record no. 257)

000 -LEADER
fixed length control field 02059nam a22006137a 4500
001 - CONTROL NUMBER
control field 11881430
003 - CONTROL NUMBER IDENTIFIER
control field LIBRIS
005 - DATE AND TIME OF LATEST TRANSACTION
control field 20210419060446.0
008 - FIXED-LENGTH DATA ELEMENTS--GENERAL INFORMATION
fixed length control field 100624s2018 maua 001 0 eng c
010 ## - LIBRARY OF CONGRESS CONTROL NUMBER
LC control number 2010001339
015 ## - NATIONAL BIBLIOGRAPHY NUMBER
National bibliography number GBA9B6833
Source bnb
016 7# - NATIONAL BIBLIOGRAPHIC AGENCY CONTROL NUMBER
Record control number 015434065
Source Uk
016 7# - NATIONAL BIBLIOGRAPHIC AGENCY CONTROL NUMBER
Record control number 101523111
Source DNLM
020 ## - INTERNATIONAL STANDARD BOOK NUMBER
International Standard Book Number 9780878936137
035 ## - SYSTEM CONTROL NUMBER
System control number (OCoLC)ocn473478856
035 ## - SYSTEM CONTROL NUMBER
System control number (OCoLC)473478856
Canceled/invalid control number (OCoLC)406164622
040 ## - CATALOGING SOURCE
Original cataloging agency DNLM/DLC
Transcribing agency DLC
Modifying agency YDX
-- BTCTA
-- YDXCP
-- UKM
-- NLM
-- CDX
-- C
042 ## - AUTHENTICATION CODE
Authentication code pcc
050 00 - LIBRARY OF CONGRESS CALL NUMBER
Classification number QM451
Item number .B68 2010
060 10 - NATIONAL LIBRARY OF MEDICINE CALL NUMBER
Classification number WL 141
Item number B658n 2010
080 ## - UNIVERSAL DECIMAL CLASSIFICATION NUMBER
Universal Decimal Classification number 616.8
Item number B-39
082 00 - DEWEY DECIMAL CLASSIFICATION NUMBER
Classification number 616.8/0475
Edition number 22
084 ## - OTHER CLASSIFICATION NUMBER
Classification number Vef
Number source kssb/8 (machine generated)
100 1# - MAIN ENTRY--PERSONAL NAME
Personal name Blumenfeld, Hal.
245 10 - TITLE STATEMENT
Title Neuroanatomy through clinical cases /
Statement of responsibility, etc. Hal Blumenfeld.
250 ## - EDITION STATEMENT
Edition statement 2nd ed.
260 ## - PUBLICATION, DISTRIBUTION, ETC.
Place of publication, distribution, etc. Sunderland, Mass. :
Name of publisher, distributor, etc. Sinauer Associates,
Date of publication, distribution, etc. c2018.
300 ## - PHYSICAL DESCRIPTION
Extent xxiii, 1006 p. :
Other physical details ill. (some col.) ;
Dimensions 28 cm.
504 ## - BIBLIOGRAPHY, ETC. NOTE
Bibliography, etc. note Includes bibliographical references and indexes.
650 #7 - SUBJECT ADDED ENTRY--TOPICAL TERM
Topical term or geographic name entry element Centrala nervsystemet
Source of heading or term sao
Authority record control number or standard number 142132
650 #0 - SUBJECT ADDED ENTRY--TOPICAL TERM
Topical term or geographic name entry element Neurology
9 (RLIN) 100
650 #7 - SUBJECT ADDED ENTRY--TOPICAL TERM
Topical term or geographic name entry element Neuroanatomi
Source of heading or term sao
Authority record control number or standard number 403247
650 #0 - SUBJECT ADDED ENTRY--TOPICAL TERM
Topical term or geographic name entry element Neuroanatomy.
650 #0 - SUBJECT ADDED ENTRY--TOPICAL TERM
Topical term or geographic name entry element Neurologic examination
Form subdivision Case studies.
650 12 - SUBJECT ADDED ENTRY--TOPICAL TERM
Topical term or geographic name entry element Nervous System Diseases
General subdivision diagnosis
650 22 - SUBJECT ADDED ENTRY--TOPICAL TERM
Topical term or geographic name entry element Nervous System
General subdivision pathology
650 #0 - SUBJECT ADDED ENTRY--TOPICAL TERM
Topical term or geographic name entry element Neuroanatomy
650 #0 - SUBJECT ADDED ENTRY--TOPICAL TERM
Topical term or geographic name entry element Central nervous system
653 ## - INDEX TERM--UNCONTROLLED
Uncontrolled term ნევროლოგია
653 ## - INDEX TERM--UNCONTROLLED
Uncontrolled term ნევროანატომია
655 #2 - INDEX TERM--GENRE/FORM
Genre/form data or focus term Case Reports
942 ## - ADDED ENTRY ELEMENTS (KOHA)
Source of classification or shelving scheme
Koha item type Books
Edition 2
949 ## - LOCAL PROCESSING INFORMATION (OCLC)
5 Gm
6 6000131513
a Neurology 16.3
t YNNNN
Holdings
Withdrawn status Lost status Source of classification or shelving scheme Damaged status Not for loan Permanent location Current location Date acquired Inventory number Total Checkouts Full call number Barcode Date last seen Price effective from Koha item type
          Ken Walker International University Ken Walker International University 11/17/2020 939   616.8 B-39 939 11/17/2020 11/17/2020 Books

Powered by Koha